| 000 | 02200nam a2200361 i 4500 | ||
|---|---|---|---|
| 001 | 193607 | ||
| 003 | SpMaBN | ||
| 005 | 20250711063121.0 | ||
| 007 | ta | ||
| 008 | 121113s2012 sp | |||| 000 0 spa | ||
| 017 |
_aB 16306-2012 _bOficina Depósito Legal Barcelona |
||
| 020 | _z8425536001154 | ||
| 035 | _a(OCoLC)827776697 | ||
| 040 |
_aSpMaBN _bspa _cSpMaBN _erdc |
||
| 080 | _a94(460)"1981" | ||
| 100 | 0 |
_aCercas, Javier _d1962- _0XX876385 _eaut _9234912 |
|
| 245 | 1 | 0 |
_aAnatomía de un instante / _cJavier Cercas |
| 260 |
_aBarcelona : _bRandom House Mondadori, _c[2012] |
||
| 300 |
_a462 páginas ; _c19 cm |
||
| 336 |
_aTexto (visual) _2isbdcontent |
||
| 337 |
_asin mediación _2isbdmedia |
||
| 338 |
_2rdacarrier _avolumen |
||
| 500 | _aÍndice | ||
| 520 | _aUn relato vibrante, tenso y pormenorizado que empieza leyéndose como una novela policíaca y acaba leyéndose como una novela de terror. «Este libro es un ensayo en forma de crónica o una crónica en forma de ensayo. Este libro no es una ficción. Este libro es la anatomía de un instante: el instante en que Adolfo Suárez permaneció sentado en la tarde del 23 de febrero de 1981 mientras las balas de los golpistas zumbaban a su alrededor en el hemiciclo del Congreso de los Diputados y todos los demás parlamentarios -todos menos dos: el general Gutiérrez Mellado y Santiago Carrillo- buscaban refugio bajo sus escaños. Este libro es la crónica de ese gesto y la crónica de un golpe de estado y la crónica de unos años decisivos en la historia de España. Este libro es un libro imprescindible. Un libro único.» Javier Cercas | ||
| 586 | _aLibro del año, Babelia Libro de no ficción del año, El Cultural | ||
| 651 | 4 |
_aEspaña- _xHistoria- _y1981, Golpe de Estado _2embne _98339 |
|
| 852 |
_aES-MaACL _bR. 154805 _cDEPOJ _jN-9609 _hDonación: José Lázaro García _9201074 _xEncuadernación rústica |
||
| 942 |
_n0 _cMONOGRAFIA |
||
| 999 |
_c193607 _d193607 |
||